000 00593nam a2200181 4500
001 118860
003 ES-MaACL
005 20230906191208.0
007 t|
008 070214s1962 sp r ||||1| spa d
100 1 _aPetterssen, Sverre.
_991565
245 1 0 _aIntroducción a la Meteorología /
_cSverre Petterssen ; traducción de José Francisco Datas Prieto.
250 _a3ª. ed. corr. y ampl.
260 _aMadrid :
_bEspasa-Calpe,
_c1962.
300 _a429 p. :
_bil. ;
_c21 cm +
_e2 map.
700 1 _aDatas Prieto, José Francisco.
_942787
852 _aES-MaACL
_jC-22219
_bR.50897
999 _c118860
_d118860